中国200km内人口最多的城市(城市点位地图版) - Statistics

General Stats
  • This quiz has been taken 44 times
  • The average score is 67 of 71
Answers on the Map
Answers color-coded by a green-red scale on the quiz's map according to % correct below.
 
Answer Stats
省级行政区 人口 城市 % Correct
直辖市 21893095 北京市
100%
直辖市 24870895 上海市
100%
江苏省 9314685 南京市
100%
浙江省 3004246 温州市
100%
福建省 4094491 福州市
100%
江西省 2068763 上饶市
100%
广东省 18676605 广州市
100%
广东省 5437602 汕头市
100%
广西壮族自治区 5977185 南宁市
100%
海南省 2873358 海口市
100%
海南省 1031396 三亚市
100%
海南省 2433 三沙市
100%
直辖市 25379469 重庆市
100%
四川省 15419445 成都市
100%
贵州省 4506134 贵阳市
100%
云南省 5950578 昆明市
100%
台湾省 4365947 新北市
100%
河北省 5758403 石家庄市
98%
内蒙古自治区 2545608 呼和浩特市
98%
辽宁省 7885142 沈阳市
98%
辽宁省 5736383 大连市
98%
吉林省 5539649 长春市
98%
黑龙江省 6976136 哈尔滨市
98%
江西省 3929660 南昌市
98%
江西省 2588060 赣州市
98%
山东省 8352574 济南市
98%
山东省 7172451 青岛市
98%
河南省 6650120 郑州市
98%
湖北省 12447718 武汉市
98%
湖南省 5980707 长沙市
98%
西藏自治区 648044 拉萨市
98%
陕西省 11133823 西安市
98%
甘肃省 3186658 兰州市
98%
宁夏回族自治区 1901793 银川市
98%
新疆维吾尔自治区 3980779 乌鲁木齐市
98%
内蒙古自治区 1460381 赤峰市
95%
内蒙古自治区 921808 通辽市
95%
黑龙江省 862555 佳木斯市
95%
黑龙江省 223832 黑河市
95%
黑龙江省 54036 漠河市
95%
山东省 3648324 临沂市
95%
湖北省 2319640 襄阳市
95%
西藏自治区 158290 日喀则市
95%
西藏自治区 84254 林芝市
95%
陕西省 1251557 榆林市
95%
甘肃省 519096 张掖市
95%
甘肃省 185231 敦煌市
95%
内蒙古自治区 449436 呼伦贝尔市
93%
黑龙江省 930015 牡丹江市
93%
西藏自治区 148511 昌都市
93%
青海省 88227 德令哈市
93%
新疆维吾尔自治区 569388 哈密市
93%
新疆维吾尔自治区 782662 喀什市
93%
新疆维吾尔自治区 501028 和田市
93%
四川省 2158312 宜宾市
90%
云南省 623772 文山市
90%
青海省 141308 玉树市
90%
新疆维吾尔自治区 221454 阿勒泰市
90%
内蒙古自治区 582206 巴彦淖尔市
88%
云南省 903081 保山市
88%
西藏自治区 104490 那曲市
88%
青海省 221863 格尔木市
88%
内蒙古自治区 75794 二连浩特市
85%
青海省 18856 茫崖市
85%
新疆维吾尔自治区 778047 伊宁市
85%
内蒙古自治区 349953 锡林浩特市
83%
四川省 955041 西昌市
83%
云南省 642737 景洪市
83%
新疆维吾尔自治区 715319 阿克苏市
83%
新疆维吾尔自治区 779352 库尔勒市
80%
新疆维吾尔自治区 530328 库车市
60%
No matching quizzes found
Score Distribution
Percent of People with Each Score
Percentile by Number Answered
Your Score History
You have not taken this quiz